LIBRARY & INFORMATION CENTRE, KCAET, TAVANUR

ONLINE PUBLIC ACCESS CATALOGUE (OPAC)

Hydraulic machines / (Record no. 2092)

MARC details
000 -LEADER
fixed length control field 00560cam a2200241ua 4500
041 ## - LANGUAGE CODE
Language code of text/sound track or separate title eng
082 ## - DEWEY DECIMAL CLASSIFICATION NUMBER
Classification number 621.2
Item number KHU/HY
100 ## - MAIN ENTRY--AUTHOR NAME
Personal name Khurmi , R S .
245 ## - TITLE STATEMENT
Title Hydraulic machines /
250 ## - EDITION STATEMENT
Edition statement 1 /
260 ## - PUBLICATION, DISTRIBUTION, ETC. (IMPRINT)
Place of publication New Delhi :
Name of publisher S.Chand & Sons ,
Year of publication 1991.
300 ## - PHYSICAL DESCRIPTION
Number of Pages 978 ; .
942 ## - ADDED ENTRY ELEMENTS (KOHA)
Koha item type Books
Holdings
Withdrawn status Lost status Damaged status Home library Current library Date acquired Full call number Accession Number Koha item type
      KAUAET KAUAET 07/04/2012 621.2 19324 Books
      KAUAET KAUAET 12/02/1986 621.2 14859 Books
      KAUAET KAUAET 12/02/1986 621.2 14858 Books
      KAUAET KAUAET 12/02/1986 621.2 14861 Books
      KAUAET KAUAET 07/04/2012 621.2 19489 Books
      KAUAET KAUAET 07/04/2012 621.2 19323 Books
free website counter